000 00538nam a2200145 a 4500
001 000041138
005 20201002034641.0
008 130919s2004 dr ac 000 0 spa d
040 _aDO-SdBNP
_bspa
_cBNPHU
245 0 3 _aEl almanaque del emperador de Jade :
_blibro sagrado de las leyes del bajo mundo /
_ctraducción Imaculada Tena ; editado por Renate Roos.
260 _aSanto Domingo :
_bChang Ming Tang,
_c2004.
300 _a62 p. :
_bil., retrs. ;
_c22 cm.
700 1 _aTena, Imaculada
_etr.
_967683
700 1 _aRoos, Renate
_eed.
_921337
999 _c40628
_d40628